Т. II : Динамика социальных процессов в СССР; Советская социология

Podrobná bibliografie
Parent link:Советская социология: в 2 т./ Академия наук СССР (АН СССР), Институт социологических исследований (ИСИ). Т. II : Динамика социальных процессов в СССР.— , 1982
Další autoři: Рябушкин Т. В. (редактор)
Jazyk:ruština
Vydáno: 1982
Témata:
Médium: MixedMaterials Kniha
KOHA link:https://koha.lib.tpu.ru/cgi-bin/koha/opac-detail.pl?biblionumber=299829

MARC

LEADER 00000nam2a2200000 4500
001 299829
005 20231102001236.0
035 |a (RuTPU)RU\TPU\book\324982 
090 |a 299829 
100 |a 20150703d1982 km y0rusy50 ca 
101 0 |a rus 
102 |a RU 
105 |a y z 001zy 
200 0 |a Т. II : Динамика социальных процессов в СССР  |f под ред. Т. В. Рябушкина 
210 |d 1982 
215 |a 256 с. 
320 |a Библиография в ссылках. 
461 1 |0 (RuTPU)RU\TPU\book\339123  |t Советская социология  |o в 2 т.  |f Академия наук СССР (АН СССР), Институт социологических исследований (ИСИ)  |v Т. II : Динамика социальных процессов в СССР  |d 1982 
606 1 |a Социология  |2 stltpush  |3 (RuTPU)RU\TPU\subj\67656  |9 83377 
610 1 |a социальная динамика 
610 1 |a СССР 
610 1 |a социальные процессы 
610 1 |a рабочий класс 
610 1 |a интеллигенция 
610 1 |a труд 
610 1 |a мотивация 
610 1 |a социальный облик 
610 1 |a социальный состав 
610 1 |a молодежь 
610 1 |a социальные изменения 
686 |a С5  |v LBC/SL-A  |2 rubbk 
702 1 |a Рябушкин  |b Т. В.  |4 340 
801 1 |a RU  |b 63413507  |c 20150703 
801 2 |a RU  |b 63413507  |c 20190328  |g RCR 
942 |c BK